|
|
|
|
| LEADER |
00000nam0a2200000 4500 |
| 001 |
372225 |
| 005 |
20231102012444.0 |
| 035 |
|
|
|a (RuTPU)RU\TPU\retro\29646
|
| 090 |
|
|
|a 372225
|
| 100 |
|
|
|a 20221214d k y0rusy50 ca
|
| 101 |
0 |
|
|a rus
|a eng
|
| 102 |
|
|
|a RU
|
| 105 |
|
|
|a y z 001zy
|
| 200 |
0 |
|
|a Рентгеновская кристаллография
|e пер. с англ.
|f М. Бургер
|
| 210 |
|
|
|a Москва
|c Изд-во иностранной литературы
|d 1948
|
| 215 |
|
|
|a 484 с.
|
| 320 |
|
|
|a Библиография в конце глав
|
| 606 |
1 |
|
|2 stltpush
|a Кристаллы
|9 42442
|
| 606 |
|
|
|a Кристаллы
|x Рентгенографический анализ
|2 stltpush
|3 (RuTPU)RU\TPU\subj\16392
|9 42456
|
| 610 |
1 |
|
|a решетки
|
| 610 |
1 |
|
|a теория
|
| 610 |
1 |
|
|a рентгеновские лучи
|
| 610 |
1 |
|
|a дифракция
|
| 610 |
1 |
|
|a погасания
|
| 610 |
1 |
|
|a метод вращения
|
| 610 |
1 |
|
|a закон Брэгга-Вульфа
|
| 610 |
1 |
|
|a рентгенограммы
|
| 610 |
1 |
|
|a интерпретация
|
| 610 |
1 |
|
|a колебания
|
| 610 |
1 |
|
|a метод Вайсенберга
|
| 610 |
1 |
|
|a метод Саутера
|
| 610 |
1 |
|
|a проекции
|
| 610 |
1 |
|
|a метод Шибольда
|
| 610 |
1 |
|
|a геометрия
|
| 610 |
1 |
|
|a экстраполяция
|
| 610 |
1 |
|
|a константы
|
| 610 |
1 |
|
|a определения
|
| 675 |
|
|
|a 548.73
|v 3
|
| 700 |
|
1 |
|a Бургер
|b М.
|
| 801 |
|
1 |
|a RU
|b 63413507
|c 20060109
|g PSBO
|
| 801 |
|
2 |
|a RU
|b 63413507
|c 20221214
|g PSBO
|
| 942 |
|
|
|c BK
|